000 00341nam a22001451a 4500
999 _c153392
_d153392
082 _aH3
_bAMR/M
100 _aAmrit Lal Nagar
245 _aManas ka hans/
_cby Amrit Lal Nagar.
260 _aNew Delhi:
_bRajpal,
_c1992.
300 _a374p.
650 _aNovel Hindi
650 _aLiterature Hindi
650 _aLiterature
942 _cBK